Normal view
MARC view
Entry Personal Name
001 - CONTROL NUMBER
- control field: 44415
003 - CONTROL NUMBER IDENTIFIER
- control field: ARRUPE
005 - DATE AND TIME OF LATEST TRANSACTION
- control field: 20190206104754.0
008 - FIXED-LENGTH DATA ELEMENTS
- fixed length control field: 190206|| aca||aabn | a|a d
040 ## - CATALOGING SOURCE
- Original cataloging agency: ARRUPE
- Transcribing agency: ARRUPE
100 ## - HEADING--PERSONAL NAME
- Personal name: Zhengwen.
670 ## - SOURCE DATA FOUND
- Source citation: Work cat.: (ARRUPE)0: Li, Zhiyan, 1937- 44412, Chinese pottery and porcelain /, c1984.